Нефтегазовые технологии и аналитика. № 8 август 2018 (ბიბ.ჩანაწერი № 56309)
[ მარტივი ფორმატი ]
| 000 -LEADER | |
|---|---|
| fixed length control field | 00628nam a2200181Ia 4500 |
| 001 - CONTROL NUMBER | |
| control field | 23422 |
| 003 - CONTROL NUMBER IDENTIFIER | |
| control field | GE_BSU |
| 008 - FIXED-LENGTH DATA ELEMENTS--GENERAL INFORMATION | |
| fixed length control field | 181216s||||||||xx |||||||||||||| ||und|| |
| 040 ## - CATALOGING SOURCE | |
| Transcribing agency | GE_BSU |
| 245 ## - TITLE STATEMENT | |
| Title | Нефтегазовые технологии и аналитика. № 8 август 2018 |
| 245 ## - TITLE STATEMENT | |
| Remainder of title | Научно-технический журнал. CD |
| 245 ## - TITLE STATEMENT | |
| Statement of responsibility, etc. | Гл. ред. Кутасова Н.В. |
| 300 ## - PHYSICAL DESCRIPTION | |
| Accompanying material | 1CD |
| 653 ## - INDEX TERM--UNCONTROLLED | |
| Uncontrolled term | Нефтегазовые технологии и аналитика. № 8 ажгуст 2018 |
| 653 ## - INDEX TERM--UNCONTROLLED | |
| Uncontrolled term | Периодика |
| 653 ## - INDEX TERM--UNCONTROLLED | |
| Uncontrolled term | პერიოდიკა |
| 942 ## - ADDED ENTRY ELEMENTS (KOHA) | |
| Koha item type | პერიოდიკა |
არაა ხელმისაწვდომი ეგზემპლარები.
